| 000 | 00801nam a2200241 i 4500 | ||
|---|---|---|---|
| 001 | 16683 | ||
| 003 | ES-MaACL | ||
| 005 | 20230906151355.0 | ||
| 007 | t| | ||
| 008 | 001025s1999 ve ||||1| spa d | ||
| 020 | _a980-303-486-3 | ||
| 080 | _a75 Requena, José | ||
| 100 | 1 |
_aAranguren, Willy. _922318 |
|
| 245 | 1 | 0 |
_aJosé Requena, una mirada aprehensiva de la naturaleza / _cWilly Aranguren. |
| 260 |
_aBarquisimeto : _bAteneo Ciudad de Barquisimeto : _bAlcaldía del Municipio Iribarren, _c1999. |
||
| 300 |
_a182 p. : _bil. ; _c21 cm. |
||
| 490 | 1 | _aColección La Guaroa | |
| 600 | 1 | 4 |
_aRequena, José. _996292 |
| 710 | 2 |
_aAteneo Ciudad de Barquisimeto (Venezuela) _91854 |
|
| 830 | 0 |
_aColección La Guaroa _9228667 |
|
| 852 |
_aES-MaACL _jL-23810 _bR.129141 |
||
| 999 |
_c16683 _d16683 |
||